Everyday state and society in modern India. (Record no. 613729)

MARC details
000 -LEADER
fixed length control field 00796nam a2200265Ia 4500
003 - CONTROL NUMBER IDENTIFIER
control field OSt
005 - DATE AND TIME OF LATEST TRANSACTION
control field 20220926005417.0
008 - FIXED-LENGTH DATA ELEMENTS--GENERAL INFORMATION
fixed length control field 220923b |||||||| |||| 00| 0 eng d
020 ## - INTERNATIONAL STANDARD BOOK NUMBER
International Standard Book Number 9788187358572
037 ## - SOURCE OF ACQUISITION
Terms of availability General Book
040 ## - CATALOGING SOURCE
Original cataloging agency RTL
Transcribing agency RTL
Language of cataloging eng
041 ## - LANGUAGE CODE
Source of code eng
Language code of text/sound track or separate title eng
100 ## - MAIN ENTRY--PERSONAL NAME
Personal name Fuller C J Ed.
9 (RLIN) 310227
245 #0 - TITLE STATEMENT
Title Everyday state and society in modern India.
260 ## - PUBLICATION, DISTRIBUTION, ETC.
Place of publication, distribution, etc. New Delhi
Name of publisher, distributor, etc. Social Science Press
Date of publication, distribution, etc. 2009
300 ## - PHYSICAL DESCRIPTION
Extent viii, 221p
Dimensions cm.
500 ## - GENERAL NOTE
General note Bibliography chapterwise
650 ## - SUBJECT ADDED ENTRY--TOPICAL TERM
Topical term or geographic name entry element Political Sociology
700 ## - ADDED ENTRY--PERSONAL NAME
Personal name Benei Veronique Ed.
9 (RLIN) 144070
942 ## - ADDED ENTRY ELEMENTS (KOHA)
Classification part Y9(W).2.N9, P9/TD
Koha item type General Books
Source of classification or shelving scheme Colon Classification (CC)
Holdings
Withdrawn status Lost status Damaged status Not for loan Home library Current library Date acquired Total Checkouts Full call number Barcode Date last seen Price effective from Koha item type
        Ratan Tata Library Ratan Tata Library 2022-09-26   Y9(W).2.N9 P9/TD RT1390334 2022-09-26 2022-09-26 General Books
Copyright @ Delhi University Library System